Obálka Náhled e-knihy:
Epub
Pro půjčování e-knih musíte být přihlášeni.
Jak si půjčit online?

Kolo času. Velké hledání /

Další část fantasy cyklu Kolo času je příběhem udatného Randa, jemuž je předurčeno utkat se s Temným a čelit zlu, naplnit neodvratnou budoucnost a prožít další dobrodružství.

Uloženo v:
Série:Kolo času, část 2
Hlavní autor: Jordan, Robert, 1948-2007 (Autor)
Další autoři: Krejčová, Dana (Autor)
Médium: E-kniha
Jazyk:Czech
Vydáno: Praha : Euromedia Group, 2022
Vydání:Vydání třetí, v Laseru první
Témata:
Příbuzné jednotky:Z cyklu:: Kolo času
Tagy:
Žádné tagy
LEADER 02616nam a2200505 i 4500
001 311804
003 CZ PrSKC
005 20260601215712.0
007 ta
008 221206s2022 xr g 000 f cze
015 |a cnb003439619 
020 |a 9788024284408  |q (vázáno) 
035 |a (OCoLC)1369541064 
040 |a ABG001  |b cze  |e rda 
041 1 |a cze  |h eng 
072 7 |a 821.111(73)-3  |x Americká próza  |2 Konspekt 
080 |a 821.111(73)-31  |2 MRF 
080 |a (0:82-312.9)  |2 MRF 
100 1 |a Jordan, Robert,  |d 1948-2007  |7 jn20020422021  |4 aut 
240 1 0 |a Great hunt.  |l Česky 
245 1 0 |a Kolo času.  |p Velké hledání /  |c Robert Jordan ; přeložila Dana Krejčová 
246 3 0 |a Velké hledání 
250 |a Vydání třetí, v Laseru první 
264 1 |a Praha :  |b Euromedia Group,  |c 2022 
300 |a 666 stran, 20 nečíslovaných stran ;  |c 22 cm 
336 |a text  |b txt  |2 rdacontent 
337 |a bez média  |b n  |2 rdamedia 
338 |a svazek  |b nc  |2 rdacarrier 
500 |a "Vydala Euromedia Group, a.s. v edici Laser"--Tiráž 
500 |a Přeloženo z angličtiny 
500 |a Terminologický slovník 
520 2 |a Další část fantasy cyklu Kolo času je příběhem udatného Randa, jemuž je předurčeno utkat se s Temným a čelit zlu, naplnit neodvratnou budoucnost a prožít další dobrodružství.  |b Mladík Rand má předurčeno stát se Drakem Znovuzrozeným. Jelikož je schopen ovládat jedinou sílu, musí zároveň prchat před Aes Sedai - ženami, jež dlouhá staletí stráží svět před podobnými muži. A k tomu všemu se znovu objevil Valerský roh, artefakt z dávných časů, který je schopen rozhodnout válku mezi Světlem a Temnotou. Podaří se jej Randovi a jeho přátelům získat dřív, než jej temní služebníci předají svým pánům? Nakladatelská anotace. 
655 7 |a americké romány  |7 fd131796  |2 czenas 
655 7 |a fantasy romány  |7 fd184199  |2 czenas 
655 9 |a American fiction  |2 eczenas 
655 9 |a fantasy novels  |2 eczenas 
700 1 |a Krejčová, Dana  |7 jn20011018473  |4 trl 
787 0 8 |i Z cyklu:  |t Kolo času  |g 2 
900 |a ABA001  |b 20 
928 9 |a Laser 
928 9 |a Euromedia Group - Laser 
044 |a xr 
910 |a RBIT002 
998 |d 366265  |a https://core.palmknihy.cz/api/books/366265/cover?ro04nt  |b https://core.palmknihy.cz/api/books/366265/cover/400?ro04nt  |c https://core.palmknihy.cz/api/books/366265/cover/50?ro04nt  |e 2027-10-01  |g 688  |i 9788024284408  |j https://core.palmknihy.cz/api/books/366265/preview.epub  |l   |q 49  |r 1  |s https://www.palmknihy.cz/kniha/366265  |t ebook  |y 2022  |z 0  |v Kolo času  |w 2 
999 |d 311802